Xelmirez, ou A groria de Compostela (Record no. 49358)

MARC details
000 -LEADER
campo de control de longitud fija 00518nam a2200169 i 4500
001 - NÚMERO DE CONTROL
campo de control 49358
003 - IDENTIFICADOR DE NÚMERO DE CONTROL
campo de control ES-MaACL
005 - FECHA Y HORA DE LA ÚLTIMA TRANSACCIÓN
campo de control 20230906161932.0
007 - CAMPO FIJO DE DESCRIPCIÓN FÍSICA--INFORMACIÓN GENERAL
campo de control de longitud fija t|
008 - DATOS DE LONGITUD FIJA--INFORMACIÓN GENERAL
campo de control de longitud fija 030714s1974 ag ||||1| gao d
100 1# - ENTRADA PRINCIPAL--NOMBRE DE PERSONA
Nombre de persona Cortezón, Daniel (
Fechas asociadas al nombre 1927-2009)
9 (RLIN) 40926
245 10 - MENCIÓN DEL TÍTULO
Título Xelmirez, ou A groria de Compostela
Resto del título : peza dramática en catro aitos /
Mención de responsabilidad, etc. Daniel Cortezón.
260 ## - PUBLICACIÓN, DISTRIBUCIÓN, ETC.
Lugar de publicación, distribución, etc. Buenos Aires :
Nombre del editor, distribuidor, etc. Nos,
Fecha de publicación, distribución, etc. 1974.
300 ## - DESCRIPCIÓN FÍSICA
Extensión 125 p. ;
Dimensiones 20 cm.
740 2# - ENTRADA AGREGADA--TÍTULO RELACIONADO/ANALÍTICO NO CONTROLADO
Título relacionado o analítico no controlado A groria de Compostela.
852 ## - LOCALIZACIÓN
Ubicación ES-MaACL
Número de control de estantería E-6596
Sublocalización o colección R.91071
Holdings
Estatus retirado Estado de pérdida Estado de daño No para préstamo Biblioteca de origen Biblioteca actual Ubicación en estantería Fecha de adquisición Fuente de adquisición Total de préstamos Signatura topográfica completa Código de barras Visto por última vez Precio de reemplazo Tipo de ítem Koha
        Biblioteca del Ateneo de Madrid Biblioteca del Ateneo de Madrid Depósito 2 17/01/2008     E-6596 1051936 23/02/2023 23/02/2023 Libro impreso